Statistieken voor Voetbalclub naar Stad

Klik hier om de quiz te nemen!

Algemene statistieken

  • Deze quiz is 693 keer genomen
  • De gemiddelde score is 34 van 50

Antwoordstatistieken

ClubAntwoord% Correct
AjaxAmsterdam
100%
PSVEindhoven
98%
FeyenoordRotterdam
98%
PECZwolle
92%
PSGParijs
91%
ADODen Haag
91%
ArsenalLonden
90%
AtléticoMadrid
86%
VVVVenlo
85%
Tottenham HotspurLonden
84%
ExcelsiorRotterdam
84%
HeraclesAlmelo
83%
AZAlkmaar
82%
ChelseaLonden
81%
Willem IITilburg
81%
VitesseArnhem
79%
JuventusTurijn
79%
NECNijmegen
78%
GalatasarayIstanboel
77%
InternazionaleMilaan
77%
West Ham UnitedLonden
75%
EvertonLiverpool
74%
LazioRome
74%
FC TwenteEnschede
74%
HSVHamburg
74%
WerderBremen
73%
Hertha BSCBerlijn
72%
Crystal PalaceLonden
69%
FenerbahçeIstanboel
68%
BenficaLissabon
67%
BesiktasIstanboel
65%
Roda JCKerkrade
64%
EspanyolBarcelona
64%
CambuurLeeuwarden
63%
Go Ahead EaglesDeventer
60%
PanathinaikosAthene
59%
CercleBrugge
58%
CeltaVigo
52%
AtalantaBergamo
52%
De GraafschapDoetinchem
50%
GetafeMadrid
49%
FC Schalke 04Gelsenkirchen
49%
Real BetisSevilla
46%
Aston VillaBirmingham
44%
FiorentinaFlorence
42%
AC ChievoVerona
38%
LevanteValencia
37%
OlympiakosPiraeus
32%
SampdoriaGenua
28%
FCSBBoekarest
27%

Scoreverdeling

Percentiel versus Aantal Correcte Antwoorden

Procent van Mensen met Elke Score

Uw Scoregeschiedenis

U heeft deze quiz nog niet genomen